Outplacement v súčasnej podnikovej praxi diplomová práca

Na minha lista:
Detalhes bibliográficos
Autor principal: Stará, Silvia
Autor Corporativo: Obchodná fakulta EU. Katedra marketingu
Outros Autores: Matušovičová, Monika, 1967-
Formato: Livro
Idioma:eslovaco
Publicado em: Bratislava 2018
Tags: Adicionar Tag
Sem tags, seja o primeiro a adicionar uma tag!

MARC

LEADER 00000nbm a2200000 4500
001 0243453
005 20180817115411.1
041 0 |a slo 
044 |a SK 
245 1 0 |a Outplacement v súčasnej podnikovej praxi  |b diplomová práca  |c Silvia Stará ; školiteľ: Monika Matušovičová 
264 1 |a Bratislava  |c 2018 
300 |a 62 s. 
100 1 |a Stará, Silvia 
700 1 |a Matušovičová, Monika, 1967- 
710 2 |a Obchodná fakulta EU. Katedra marketingu